Days of the Week in Danish - Statistics

General Stats
  • This quiz has been taken 23 times
  • The average score is 6 of 7
Answer Stats
English Danish % Correct
Monday Mandag
100%
Friday Fredag
92%
Thursday Torsdag
92%
Wednesday Onsdag
83%
Sunday Søndag
83%
Tuesday Tirsdag
83%
Saturday Lørdag
75%
No matching quizzes found
Score Distribution
Percent of People with Each Score
Percentile by Number Answered
Your Score History
You have not taken this quiz